000 00585nam a22001817a 4500
005 20251108165217.0
008 250721s1994 xx 000 0 ara d
082 1 4 _a913.62/كحل
100 1 _aالكحلاوي، محمد محمد
245 1 0 _aآثار مصر الإسلامية في كتابات الرحالة المغاربة و الأندلوسيين /
264 1 _aالقاهرة :
_bالدار المصرية اللبنانية،
_c1994.
300 _a186ص
650 1 7 _aالآثار
650 1 7 _aمصر
650 1 7 _aالسفر
942 _2ddc
_cBK
999 _c22220
_d22220